[Event "BCF-chT2d 1516 (4NCL) Demotion pool"]
[Site "England"]
[Date "2016.05.02"]
[Round "11.253"]
[White "Granat, Russell"]
[Black "Besedin, Pavel"]
[Result "1-0"]
[WhiteElo "2217"]
[BlackElo "2230"]
[PlyCount "31"]
[EventDate "2015.11.14"]
[EventType "team-tourn"]
[EventRounds "4"]
[EventCountry "ENG"]
[SourceTitle "EXT 2023"]
[Source "ChessBase"]
[SourceDate "2022.10.05"]
[SourceVersion "1"]
[SourceVersionDate "2022.10.05"]
[SourceQuality "1"]
[WhiteTeam "Guildford III"]
[BlackTeam "The ADS"]
[WhiteTeamCountry "ENG"]
[BlackTeamCountry "ENG"]

1. e4 e5 2. Nf3 Nf6 3. Nc3 Bb4 4. Bc4 0-0 5. 0-0 d6 6. d3 Bg4 7. h3 Bh5 8. g4 Bg6 9. Ne2 c6 10. c3 Ba5 11. Bb3 Nbd7 12. Ng3 Nc5 13. Bc2 Ne6 14. Nf5 Qc7 15. a4 Bb6 16. a5 1-0

[Event "BCF-chT2b 1516 (4NCL)"]
[Site "England"]
[Date "2016.01.23"]
[Round "3.253"]
[White "Hill, Alistair"]
[Black "Besedin, Pavel"]
[Result "1-0"]
[WhiteElo "2167"]
[BlackElo "2237"]
[PlyCount "65"]
[EventDate "2015.11.14"]
[EventType "team-tourn"]
[EventRounds "7"]
[EventCountry "ENG"]
[SourceTitle "CBM 170 Extra"]
[Source "ChessBase"]
[SourceDate "2016.02.25"]
[SourceVersion "1"]
[SourceVersionDate "2016.02.25"]
[SourceQuality "1"]
[WhiteTeam "Cambridge II"]
[BlackTeam "The ADS"]
[WhiteTeamCountry "ENG"]
[BlackTeamCountry "ENG"]

1. d4 g6 2. e4 Bg7 3. Nc3 d6 4. Bg5 c5 5. d5 Nd7 6. Nf3 h6 7. Bf4 Qb6 8. Rb1 Ngf6 9. h3 Nh5 10. Be3 Qa5 11. Qd2 a6 12. a4 Nb6 13. Bd3 Qb4 14. 0-0 Bd7 15. Rfe1 Nxa4 16. Nxa4 Qxd2 17. Bxd2 Bxa4 18. e5 dxe5 19. Nxe5 Nf6 20. b3 Bd7 21. c4 a5 22. Ra1 b6 23. Bc3 Ra7 24. b4 cxb4 25. Bxb4 0-0 26. Bxe7 Rc8 27. Rab1 b5 28. Bxf6 Bxf6 29. cxb5 Bf5 30. Bxf5 gxf5 31. b6 Rb7 32. Nc6 Bd8 33. Re8+ 1-0

[Event "BCF-chT1d 1415 (4NCL) Demotion pool"]
[Site "England"]
[Date "2015.05.04"]
[Round "11.175"]
[White "Besedin, Pavel"]
[Black "Sowray, Peter John"]
[Result "0-1"]
[WhiteElo "2260"]
[BlackElo "2313"]
[PlyCount "52"]
[EventDate "2014.11.15"]
[EventType "team-tourn"]
[EventRounds "4"]
[EventCountry "ENG"]
[SourceTitle "EXT 2023"]
[Source "ChessBase"]
[SourceDate "2022.10.05"]
[SourceVersion "1"]
[SourceVersionDate "2022.10.05"]
[SourceQuality "1"]
[WhiteTeam "The ADS"]
[BlackTeam "e2e4.org.uk"]
[WhiteTeamCountry "ENG"]
[BlackTeamCountry "ENG"]

1. e4 e5 2. Nf3 Nc6 3. Bb5 a6 4. Bxc6 dxc6 5. 0-0 Bg4 6. d3 Bd6 7. Nbd2 Qf6 8. Re1 Ne7 9. c3 0-0-0 10. a4 Ng6 11. b4 Nf4 12. Nc4 h5 13. d4 h4 14. Re3 Qg6 15. Qf1 exd4 16. cxd4 h3 17. g3 Ng2 18. Nce5 Nxe3 19. Nxg6 Nxf1 20. Nxh8 Rxh8 21. Ng5 Bxb4 22. Nxf7 Rf8 23. Ne5 Nxh2 24. Kxh2 Rxf2+ 25. Kg1 Rg2+ 26. Kh1 Be6 0-1

[Event "BCF-chT1d 1415 (4NCL) Demotion pool"]
[Site "England"]
[Date "2015.05.03"]
[Round "10.175"]
[White "Reid, John1111"]
[Black "Besedin, Pavel"]
[Result "1-0"]
[WhiteElo "2327"]
[BlackElo "2260"]
[PlyCount "77"]
[EventDate "2014.11.15"]
[EventType "team-tourn"]
[EventRounds "4"]
[EventCountry "ENG"]
[SourceTitle "EXT 2023"]
[Source "ChessBase"]
[SourceDate "2022.10.05"]
[SourceVersion "1"]
[SourceVersionDate "2022.10.05"]
[SourceQuality "1"]
[WhiteTeam "Hackney"]
[BlackTeam "The ADS"]
[WhiteTeamCountry "ENG"]
[BlackTeamCountry "ENG"]

1. d4 g6 2. e4 Bg7 3. c4 d6 4. Nc3 Nf6 5. Nf3 0-0 6. h3 e5 7. d5 Nbd7 8. Bg5 h6 9. Be3 Ne8 10. g4 a5 11. Rg1 Nc5 12. Nd2 Kh7 13. Be2 b6 14. Qc2 Bd7 15. 0-0-0 Qe7 16. Rg3 f5 17. gxf5 gxf5 18. Bxc5 bxc5 19. exf5 Bxf5 20. Nde4 Qh4 21. Bg4 Kh8 22. Bxf5 Qf4+ 23. Kb1 Qxf5 24. Rdg1 Rf7 25. a3 Nf6 26. Nxf6 Qxf6 27. Rg6 Qh4 28. Ne4 Qxh3 29. Ka2 Qf5 30. Qe2 Raf8 31. R1g4 Kh7 32. Qd3 Kh8 33. Qg3 Qd7 34. Nf6 Rxf6 35. Rxg7 R8f7 36. Rg8+ Kh7 37. Qh4 Rf8 38. R8g5 Rf4 39. Rg6 1-0

[Event "BCF-chT1a 1415 (4NCL)"]
[Site "England"]
[Date "2015.03.28"]
[Round "7.132"]
[White "Zhou, Yang Fan"]
[Black "Besedin, Pavel"]
[Result "1-0"]
[WhiteElo "2461"]
[BlackElo "2119"]
[PlyCount "233"]
[EventDate "2014.11.15"]
[EventType "team-swiss"]
[EventRounds "11"]
[EventCountry "ENG"]
[SourceTitle "EXT 2016"]
[Source "ChessBase"]
[SourceDate "2015.10.08"]
[SourceVersion "1"]
[SourceVersionDate "2015.10.08"]
[SourceQuality "1"]
[WhiteTeam "Guildford II"]
[BlackTeam "The ADS"]
[WhiteTeamCountry "ENG"]
[BlackTeamCountry "ENG"]

1. e4 e5 2. Nf3 Nf6 3. Nxe5 d6 4. Nf3 Nxe4 5. d4 d5 6. Bd3 Nc6 7. 0-0 Bg4 8. c4 Nf6 9. cxd5 Qxd5 10. Nc3 Qh5 11. Re1+ Be7 12. Bb5 Rd8 13. Bf4 Rd7 14. Bxc6 bxc6 15. Re5 Bxf3 16. gxf3 Qh4 17. Bg3 Qh3 18. Qe2 h5 19. Re1 Ng8 20. d5 c5 21. Qa6 Rd8 22. Qc6+ Qd7 23. Nb5 Rh6 24. Nxc7+ Kf8 25. Qxd7 Rxd7 26. Nb5 h4 27. Bf4 g5 28. Bc1 Rb6 29. Nc3 Nh6 30. Be3 Ng8 31. Na4 Rb5 32. Bxg5 f6 33. Rf5 Kg7 34. Be3 Rb4 35. Rf4 Rxd5 36. b3 Bd6 37. Rg4+ Kf7 38. Nc3 Re5 39. Rxb4 cxb4 40. Ne4 Be7 41. Rc1 Ra5 42. Rc2 Kg6 43. Kg2 f5 44. Nd2 Nf6 45. Nc4 Ra6 46. Ne5+ Kg7 47. Nc6 Bd6 48. Nxa7 Nd5 49. Nb5 Be5 50. Kh3 Kf6 51. Rd2 Nf4+ 52. Bxf4 Bxf4 53. Rd4 Kg5 54. Rxb4 Rxa2 55. Nd4 Bd6 56. Rb6 Be5 57. Ne6+ Kf6 58. f4 Ba1 59. Kg2 Ke7 60. Kf3 Rd2 61. b4 Rd3+ 62. Ke2 Rh3 63. Nc5 Rxh2 64. Re6+ Kf7 65. Rd6 Rh1 66. b5 h3 67. b6 h2 68. Rh6 Bd4 69. b7 Rb1 70. Ne6 Bf6 71. Nc5 Be7 72. Nd3 Rxb7 73. Rxh2 Ke6 74. Rh6+ Kd5 75. Rh5 Ke6 76. Rh6+ Kd5 77. Rh7 Ra7 78. Nb4+ Ke6 79. Nc2 Ra4 80. Rh6+ Bf6 81. Kf3 Kf7 82. Ne3 Ra3 83. Rh7+ Kg6 84. Rd7 Ra5 85. Rd6 Kf7 86. Ke2 Ra2+ 87. Kf3 Ra5 88. Kg3 Kg7 89. Nd5 Ra3+ 90. f3 Bb2 91. Rd7+ Kh6 92. Rd6+ Kg7 93. Rd7+ Kh6 94. Ne7 Ra5 95. Rb7 Bc3 96. Rc7 Bb2 97. Rc2 Ba1 98. Rc1 Bb2 99. Rc2 Ba1 100. Rd2 Bc3 101. Rd1 Bb2 102. Kh3 Bc3 103. Rg1 Bb4 104. Nc6 Ra4 105. Nd4 Bd2 106. Nxf5+ Kh7 107. Rg7+ Kh8 108. Rd7 Bxf4 109. Kg4 Bc1+ 110. Kh5 Ra6 111. Ne7 Rh6+ 112. Kg4 Rf6 113. Rc7 Bd2 114. Rc2 Bh6 115. Rh2 Rf4+ 116. Kg3 Rf6 117. Rh5 1-0

[Event "BCF-chT2c 1314 (4NCL)"]
[Site "England"]
[Date "2014.05.03"]
[Round "9.35"]
[White "Besedin, Pavel"]
[Black "Player, Edmund C"]
[Result "0-1"]
[WhiteElo "2126"]
[BlackElo "2246"]
[PlyCount "56"]
[EventDate "2013.11.16"]
[EventType "team-tourn"]
[EventRounds "11"]
[EventCountry "ENG"]
[SourceTitle "EXT 2015"]
[Source "ChessBase"]
[SourceDate "2014.11.20"]
[SourceVersion "1"]
[SourceVersionDate "2014.11.20"]
[SourceQuality "1"]
[WhiteTeam "The ADS"]
[BlackTeam "Anglian Avengers"]
[WhiteTeamCountry "ENG"]
[BlackTeamCountry "ENG"]

1. e4 e6 2. e5 d5 3. f4 c5 4. Nf3 Nc6 5. Nc3 a6 6. a4 f6 7. Qe2 Qc7 8. exf6 Nxf6 9. d3 Bd6 10. g3 0-0 11. Bg2 Bd7 12. 0-0 Rae8 13. b3 e5 14. Nxe5 Nxe5 15. fxe5 Bxe5 16. Qd2 Bd4+ 17. Kh1 Qe5 18. Bb2 Ng4 19. Rae1 Qh5 20. Bxd5+ Kh8 21. Rxe8 Qxe8 22. Rxf8+ Qxf8 23. Qf4 Qe8 24. Be4 Be3 25. Qd6 Nf2+ 26. Kg2 Bd4 27. Qf4 Bh3+ 28. Kf3 Qh5+ 0-1

[Event "BCF-chT2c 1314 (4NCL)"]
[Site "England"]
[Date "2014.03.23"]
[Round "8.45"]
[White "Dilleigh, Stephen P"]
[Black "Besedin, Pavel"]
[Result "0-1"]
[WhiteElo "2136"]
[BlackElo "2126"]
[PlyCount "86"]
[EventDate "2013.11.16"]
[EventType "team-tourn"]
[EventRounds "11"]
[EventCountry "ENG"]
[SourceTitle "EXT 2015"]
[Source "ChessBase"]
[SourceDate "2014.11.20"]
[SourceVersion "1"]
[SourceVersionDate "2014.11.20"]
[SourceQuality "1"]
[WhiteTeam "Bristol"]
[BlackTeam "The ADS"]
[WhiteTeamCountry "ENG"]
[BlackTeamCountry "ENG"]

1. Nf3 g6 2. c4 Bg7 3. d4 d6 4. e4 Nf6 5. Nc3 0-0 6. Be2 e5 7. Be3 Nc6 8. d5 Ne7 9. Nd2 Nd7 10. b4 f5 11. f3 a5 12. a3 c5 13. bxa5 Rxa5 14. Nb3 Ra6 15. a4 b6 16. 0-0 Nf6 17. Qc2 f4 18. Bd2 g5 19. Ra2 g4 20. Rfa1 Ng6 21. Nb5 gxf3 22. gxf3 Nh5 23. Be1 Qg5+ 24. Kh1 Ng3+ 25. hxg3 fxg3 26. Bd1 Bh6 27. Bxg3 Qxg3 28. Qh2 Qe1+ 29. Qg1 Qh4+ 30. Rh2 Bh3 31. Qf2 Qxf2 32. Rxf2 Rf4 33. Rh2 Rh4 34. Nxd6 Bf4 35. Nf5 Bg2+ 36. Kxg2 Rxh2+ 37. Kf1 Rb2 38. Nd6 h5 39. Nb5 h4 40. Nc3 h3 41. Ne2 Nh4 42. Kg1 Nxf3+ 43. Kh1 Ra7 0-1

[Event "BCF-chT2b 1314 (4NCL)"]
[Site "England"]
[Date "2014.03.22"]
[Round "7.85"]
[White "Besedin, Pavel"]
[Black "Farrand, Julian"]
[Result "0-1"]
[WhiteElo "2130"]
[BlackElo "2027"]
[PlyCount "48"]
[EventDate "2013.11.16"]
[EventType "team-swiss"]
[EventRounds "11"]
[EventCountry "ENG"]
[SourceTitle "EXT 2015"]
[Source "ChessBase"]
[SourceDate "2014.11.20"]
[SourceVersion "1"]
[SourceVersionDate "2014.11.20"]
[SourceQuality "1"]
[WhiteTeam "The ADS"]
[BlackTeam "Barbican Youth"]
[WhiteTeamCountry "ENG"]
[BlackTeamCountry "ENG"]

1. e4 d6 2. d4 Nf6 3. Bd3 e5 4. c3 Be7 5. Nf3 Nbd7 6. 0-0 c6 7. Nbd2 Qc7 8. Re1 0-0 9. Nf1 Re8 10. Ng3 Bf8 11. a4 a5 12. Nf5 d5 13. exd5 e4 14. dxc6 bxc6 15. Bc4 Nb6 16. Bxf7+ Qxf7 17. Ne5 Qc7 18. Ng3 Bd6 19. Bg5 Bxe5 20. dxe5 Qxe5 21. Bxf6 Qxf6 22. Qb3+ Nd5 23. Nxe4 Qg6 24. Rad1 Rxe4 0-1

[Event "BCF-chT2d 1213 (4NCL) Demotion pool"]
[Site "England"]
[Date "2013.05.05"]
[Round "10.65"]
[White "Besedin, Pavel"]
[Black "Trevelyan, John"]
[Result "0-1"]
[WhiteElo "2081"]
[BlackElo "2129"]
[PlyCount "80"]
[EventDate "2012.11.03"]
[EventType "team-tourn"]
[EventRounds "4"]
[EventCountry "ENG"]
[SourceTitle "EXT 2014"]
[Source "ChessBase"]
[SourceDate "2013.11.20"]
[SourceVersion "1"]
[SourceVersionDate "2013.11.20"]
[SourceQuality "1"]
[WhiteTeam "The ADS"]
[BlackTeam "Rhyfelwyr Essyllwg"]
[WhiteTeamCountry "ENG"]
[BlackTeamCountry "ENG"]

1. e4 d6 2. d4 e5 3. Nf3 Nf6 4. dxe5 Nxe4 5. Bc4 c6 6. Nbd2 Nxd2 7. Bxd2 d5 8. Bd3 Nd7 9. b4 Be7 10. h4 Nf8 11. Nd4 Bxh4 12. g3 Be7 13. f4 Ne6 14. Nxe6 Bxe6 15. f5 Bc8 16. Qg4 Kf8 17. Qf4 f6 18. e6 Bd6 19. Qf3 Be5 20. Rb1 b6 21. g4 h6 22. c4 Bb7 23. cxd5 cxd5 24. Bb5 Rc8 25. g5 fxg5 26. Qh5 Qf6 27. Bxg5 Bg3+ 28. Kd1 hxg5 29. Qf7+ Qxf7 30. Rxh8+ Qg8 31. Rxg8+ Kxg8 32. e7 Kf7 33. e8Q+ Rxe8 34. Bxe8+ Kxe8 35. Rb3 Bd6 36. Re3+ Kf7 37. a3 g4 38. Re6 Bf4 39. Ke2 d4 40. Rg6 Bf3+ 0-1

[Event "BCF-chT2b 1213 (4NCL)"]
[Site "England"]
[Date "2013.01.12"]
[Round "3"]
[White "Farrand, Julian"]
[Black "Besedin, Pavel"]
[Result "1/2-1/2"]
[WhiteElo "2081"]
[BlackElo "2081"]
[PlyCount "103"]
[EventDate "2012.11.03"]
[EventType "team-tourn"]
[EventRounds "7"]
[EventCountry "ENG"]
[SourceTitle "EXT 2014"]
[Source "ChessBase"]
[SourceDate "2013.11.20"]
[SourceVersion "1"]
[SourceVersionDate "2013.11.20"]
[SourceQuality "1"]
[WhiteTeam "Barbican Youth"]
[BlackTeam "The ADS"]
[WhiteTeamCountry "ENG"]
[BlackTeamCountry "ENG"]

1. d4 g6 2. e4 Bg7 3. Nc3 d6 4. Bg5 c6 5. Qd2 Nd7 6. f4 b5 7. a3 Qc7 8. Nf3 Nb6 9. Rd1 Nc4 10. Bxc4 bxc4 11. Qe2 Rb8 12. Qxc4 Rxb2 13. 0-0 Nf6 14. Bxf6 exf6 15. Nd5 Qb7 16. Nb4 a5 17. Qc3 Rxb4 18. axb4 axb4 19. Qc4 0-0 20. Rb1 d5 21. exd5 cxd5 22. Qxb4 Qc7 23. Qd2 Bh6 24. g3 Bf5 25. Rb5 Qd7 26. Rc5 Bh3 27. Re1 Rb8 28. Qa5 Bxf4 29. Rxd5 Qg4 30. Kf2 Kg7 31. Rg1 Rc8 32. Rc5 Bd6 33. Rxc8 Qxc8 34. Qd2 Bf5 35. c3 Be4 36. Qe3 Qf5 37. g4 Qd5 38. c4 Qb7 39. h3 Bxf3 40. Qxf3 Qb2+ 41. Kf1 Qxd4 42. Qd5 Qa1+ 43. Kf2 Qb2+ 44. Kf1 Qc1+ 45. Kg2 Qc2+ 46. Kf1 Be5 47. Rg2 Qb3 48. h4 Qe3 49. c5 Qc1+ 50. Ke2 Qc2+ 51. Kf1 Qc1+ 52. Ke2 1/2-1/2